<?xml version="1.0" encoding="UTF-8"?>
<collection xmlns="http://www.loc.gov/MARC21/slim">
 <record>
  <leader>04195cam a2200913   4500</leader>
  <controlfield tag="001">280116314</controlfield>
  <controlfield tag="003">DE-627</controlfield>
  <controlfield tag="005">20250110161834.0</controlfield>
  <controlfield tag="007">tu</controlfield>
  <controlfield tag="008">971113s1998    xx ||||| m    00| ||ger c</controlfield>
  <datafield tag="015" ind1=" " ind2=" ">
   <subfield code="a">97,N45,0382</subfield>
   <subfield code="2">dnb</subfield>
  </datafield>
  <datafield tag="015" ind1=" " ind2=" ">
   <subfield code="a">98,H07,1730</subfield>
   <subfield code="2">dnb</subfield>
  </datafield>
  <datafield tag="016" ind1="7" ind2=" ">
   <subfield code="a">951698141</subfield>
   <subfield code="2">DE-101</subfield>
  </datafield>
  <datafield tag="020" ind1=" " ind2=" ">
   <subfield code="a">3805323336</subfield>
   <subfield code="9">3-8053-2333-6</subfield>
  </datafield>
  <datafield tag="035" ind1=" " ind2=" ">
   <subfield code="a">(DE-627)280116314</subfield>
  </datafield>
  <datafield tag="035" ind1=" " ind2=" ">
   <subfield code="a">(DE-576)062493337</subfield>
  </datafield>
  <datafield tag="035" ind1=" " ind2=" ">
   <subfield code="a">(DE-599)GBV280116314</subfield>
  </datafield>
  <datafield tag="035" ind1=" " ind2=" ">
   <subfield code="a">(OCoLC)214954887</subfield>
  </datafield>
  <datafield tag="035" ind1=" " ind2=" ">
   <subfield code="a">(OCoLC)185424664</subfield>
  </datafield>
  <datafield tag="035" ind1=" " ind2=" ">
   <subfield code="a">(OCoLC)916625719</subfield>
  </datafield>
  <datafield tag="040" ind1=" " ind2=" ">
   <subfield code="a">DE-627</subfield>
   <subfield code="b">ger</subfield>
   <subfield code="c">DE-627</subfield>
   <subfield code="e">rakwb</subfield>
  </datafield>
  <datafield tag="041" ind1=" " ind2=" ">
   <subfield code="a">ger</subfield>
  </datafield>
  <datafield tag="084" ind1=" " ind2=" ">
   <subfield code="a">46</subfield>
   <subfield code="a">63</subfield>
   <subfield code="a">12</subfield>
   <subfield code="a">60</subfield>
   <subfield code="2">sdnb</subfield>
  </datafield>
  <datafield tag="084" ind1=" " ind2=" ">
   <subfield code="a">9,10</subfield>
   <subfield code="2">ssgn</subfield>
  </datafield>
  <datafield tag="084" ind1=" " ind2=" ">
   <subfield code="a">ND 9400</subfield>
   <subfield code="2">rvk</subfield>
   <subfield code="0">(DE-625)rvk/125181:</subfield>
  </datafield>
  <datafield tag="084" ind1=" " ind2=" ">
   <subfield code="a">NT 8500</subfield>
   <subfield code="2">rvk</subfield>
   <subfield code="0">(DE-625)rvk/131108:</subfield>
  </datafield>
  <datafield tag="084" ind1=" " ind2=" ">
   <subfield code="a">20.30</subfield>
   <subfield code="2">bkl</subfield>
  </datafield>
  <datafield tag="100" ind1="1" ind2=" ">
   <subfield code="a">Ott, Joachim</subfield>
   <subfield code="d">1965-</subfield>
   <subfield code="0">(DE-588)1053181078</subfield>
   <subfield code="0">(DE-627)789660555</subfield>
   <subfield code="0">(DE-576)408940204</subfield>
   <subfield code="4">aut</subfield>
  </datafield>
  <datafield tag="245" ind1="1" ind2="0">
   <subfield code="a">Krone und Krönung</subfield>
   <subfield code="b">die Verheißung und Verleihung von Kronen in der Kunst von der Spätantike bis um 1200 und die geistige Auslegung der Krone</subfield>
   <subfield code="c">Joachim Ott</subfield>
  </datafield>
  <datafield tag="263" ind1=" " ind2=" ">
   <subfield code="a">Gewebe. - DM 148.00</subfield>
  </datafield>
  <datafield tag="264" ind1=" " ind2="1">
   <subfield code="a">Mainz am Rhein</subfield>
   <subfield code="b">von Zabern</subfield>
   <subfield code="c">1998</subfield>
  </datafield>
  <datafield tag="300" ind1=" " ind2=" ">
   <subfield code="a">384, LXXX S.</subfield>
   <subfield code="b">zahlr. Ill.</subfield>
  </datafield>
  <datafield tag="336" ind1=" " ind2=" ">
   <subfield code="a">Text</subfield>
   <subfield code="b">txt</subfield>
   <subfield code="2">rdacontent</subfield>
  </datafield>
  <datafield tag="337" ind1=" " ind2=" ">
   <subfield code="a">ohne Hilfsmittel zu benutzen</subfield>
   <subfield code="b">n</subfield>
   <subfield code="2">rdamedia</subfield>
  </datafield>
  <datafield tag="338" ind1=" " ind2=" ">
   <subfield code="a">Band</subfield>
   <subfield code="b">nc</subfield>
   <subfield code="2">rdacarrier</subfield>
  </datafield>
  <datafield tag="502" ind1=" " ind2=" ">
   <subfield code="a">Zugl.: Marburg, Univ., Diss., 1995</subfield>
  </datafield>
  <datafield tag="583" ind1="1" ind2=" ">
   <subfield code="a">Archivierung/Langzeitarchivierung gewährleistet</subfield>
   <subfield code="f">SSG</subfield>
   <subfield code="x">XA-DE-BW</subfield>
   <subfield code="2">pdager</subfield>
   <subfield code="5">DE-16</subfield>
  </datafield>
  <datafield tag="650" ind1=" " ind2="4">
   <subfield code="a">Geschichte 300-1200</subfield>
   <subfield code="7">(dpeaa)DE-2491</subfield>
  </datafield>
  <datafield tag="650" ind1=" " ind2="4">
   <subfield code="a">Krönung &lt;Motiv&gt;</subfield>
   <subfield code="7">(dpeaa)DE-2491</subfield>
  </datafield>
  <datafield tag="650" ind1=" " ind2="4">
   <subfield code="a">Krone &lt;Motiv&gt;</subfield>
   <subfield code="7">(dpeaa)DE-2491</subfield>
  </datafield>
  <datafield tag="650" ind1=" " ind2="4">
   <subfield code="a">Symbol</subfield>
   <subfield code="7">(dpeaa)DE-2491</subfield>
  </datafield>
  <datafield tag="650" ind1=" " ind2="4">
   <subfield code="a">Christentum</subfield>
   <subfield code="7">(dpeaa)DE-2491</subfield>
  </datafield>
  <datafield tag="655" ind1=" " ind2="7">
   <subfield code="a">Hochschulschrift</subfield>
   <subfield code="0">(DE-588)4113937-9</subfield>
   <subfield code="0">(DE-627)105825778</subfield>
   <subfield code="0">(DE-576)209480580</subfield>
   <subfield code="2">gnd-content</subfield>
  </datafield>
  <datafield tag="689" ind1="0" ind2="0">
   <subfield code="d">s</subfield>
   <subfield code="0">(DE-588)4448492-6</subfield>
   <subfield code="0">(DE-627)226302962</subfield>
   <subfield code="0">(DE-576)212544810</subfield>
   <subfield code="a">Krönung</subfield>
   <subfield code="g">Motiv</subfield>
   <subfield code="2">gnd</subfield>
  </datafield>
  <datafield tag="689" ind1="0" ind2="1">
   <subfield code="d">s</subfield>
   <subfield code="0">(DE-588)4114333-4</subfield>
   <subfield code="0">(DE-627)105822957</subfield>
   <subfield code="0">(DE-576)209483733</subfield>
   <subfield code="a">Kunst</subfield>
   <subfield code="2">gnd</subfield>
  </datafield>
  <datafield tag="689" ind1="0" ind2="2">
   <subfield code="a">z</subfield>
   <subfield code="2">gnd</subfield>
   <subfield code="a">Geschichte 300-1200</subfield>
  </datafield>
  <datafield tag="689" ind1="0" ind2=" ">
   <subfield code="5">(DE-627)</subfield>
  </datafield>
  <datafield tag="689" ind1="1" ind2="0">
   <subfield code="d">s</subfield>
   <subfield code="0">(DE-588)4033267-6</subfield>
   <subfield code="0">(DE-627)106258249</subfield>
   <subfield code="0">(DE-576)209000902</subfield>
   <subfield code="a">Krone</subfield>
   <subfield code="2">gnd</subfield>
  </datafield>
  <datafield tag="689" ind1="1" ind2="1">
   <subfield code="d">s</subfield>
   <subfield code="0">(DE-588)4058716-2</subfield>
   <subfield code="0">(DE-627)104117206</subfield>
   <subfield code="0">(DE-576)209127716</subfield>
   <subfield code="a">Symbol</subfield>
   <subfield code="2">gnd</subfield>
  </datafield>
  <datafield tag="689" ind1="1" ind2="2">
   <subfield code="d">s</subfield>
   <subfield code="0">(DE-588)4010074-1</subfield>
   <subfield code="0">(DE-627)104493933</subfield>
   <subfield code="0">(DE-576)20888579X</subfield>
   <subfield code="a">Christentum</subfield>
   <subfield code="2">gnd</subfield>
  </datafield>
  <datafield tag="689" ind1="1" ind2="3">
   <subfield code="a">z</subfield>
   <subfield code="2">gnd</subfield>
   <subfield code="a">Geschichte 300-1200</subfield>
  </datafield>
  <datafield tag="689" ind1="1" ind2=" ">
   <subfield code="5">(DE-627)</subfield>
  </datafield>
  <datafield tag="689" ind1="2" ind2="0">
   <subfield code="d">s</subfield>
   <subfield code="0">(DE-588)4165801-2</subfield>
   <subfield code="0">(DE-627)105437476</subfield>
   <subfield code="0">(DE-576)209897945</subfield>
   <subfield code="a">Krone</subfield>
   <subfield code="g">Motiv</subfield>
   <subfield code="2">gnd</subfield>
  </datafield>
  <datafield tag="689" ind1="2" ind2="1">
   <subfield code="d">s</subfield>
   <subfield code="0">(DE-588)4058716-2</subfield>
   <subfield code="0">(DE-627)104117206</subfield>
   <subfield code="0">(DE-576)209127716</subfield>
   <subfield code="a">Symbol</subfield>
   <subfield code="2">gnd</subfield>
  </datafield>
  <datafield tag="689" ind1="2" ind2="2">
   <subfield code="d">s</subfield>
   <subfield code="0">(DE-588)4010074-1</subfield>
   <subfield code="0">(DE-627)104493933</subfield>
   <subfield code="0">(DE-576)20888579X</subfield>
   <subfield code="a">Christentum</subfield>
   <subfield code="2">gnd</subfield>
  </datafield>
  <datafield tag="689" ind1="2" ind2="3">
   <subfield code="d">s</subfield>
   <subfield code="0">(DE-588)4010109-5</subfield>
   <subfield code="0">(DE-627)106359770</subfield>
   <subfield code="0">(DE-576)20888596X</subfield>
   <subfield code="a">Christliche Kunst</subfield>
   <subfield code="2">gnd</subfield>
  </datafield>
  <datafield tag="689" ind1="2" ind2="4">
   <subfield code="a">z</subfield>
   <subfield code="2">gnd</subfield>
   <subfield code="a">Geschichte 300-1200</subfield>
  </datafield>
  <datafield tag="689" ind1="2" ind2=" ">
   <subfield code="5">(DE-627)</subfield>
  </datafield>
  <datafield tag="751" ind1=" " ind2=" ">
   <subfield code="a">Marburg</subfield>
   <subfield code="0">(DE-588)4037446-4</subfield>
   <subfield code="0">(DE-627)106237454</subfield>
   <subfield code="0">(DE-576)209024305</subfield>
   <subfield code="4">uvp</subfield>
  </datafield>
  <datafield tag="787" ind1="0" ind2="8">
   <subfield code="i">Rezensiert in</subfield>
   <subfield code="a">Beuckers, Klaus Gereon, 1966 - </subfield>
   <subfield code="t">[Rezension von: Joachim Ott, Krone und Krönung]</subfield>
   <subfield code="d">1999</subfield>
   <subfield code="w">(DE-627)1539230031</subfield>
   <subfield code="w">(DE-576)469230037</subfield>
  </datafield>
  <datafield tag="935" ind1=" " ind2=" ">
   <subfield code="i">Blocktest</subfield>
  </datafield>
  <datafield tag="936" ind1="r" ind2="v">
   <subfield code="a">ND 9400</subfield>
   <subfield code="b">Sonstiges (z.B. Beinamen der Herrscher)</subfield>
   <subfield code="k">Geschichte</subfield>
   <subfield code="k">Historische Hilfswissenschaften</subfield>
   <subfield code="k">Varia</subfield>
   <subfield code="k">Sonstiges (z.B. Beinamen der Herrscher)</subfield>
   <subfield code="0">(DE-627)127144934X</subfield>
   <subfield code="0">(DE-625)rvk/125181:</subfield>
   <subfield code="0">(DE-576)20144934X</subfield>
  </datafield>
  <datafield tag="936" ind1="r" ind2="v">
   <subfield code="a">NT 8500</subfield>
   <subfield code="b">Herrschaftszeichen, Reichsheiligtümer, Reichssymbole, Herrschertitel</subfield>
   <subfield code="k">Geschichte</subfield>
   <subfield code="k">Allgemeine Rechts-, Verfassungs- und Verwaltungsgeschichte</subfield>
   <subfield code="k">Darstellungen zur Rechts-, Verfassungs- und Verwaltungsgeschichte</subfield>
   <subfield code="k">Staatssymbole</subfield>
   <subfield code="k">Herrschaftszeichen, Reichsheiligtümer, Reichssymbole, Herrschertitel</subfield>
   <subfield code="0">(DE-627)1271538814</subfield>
   <subfield code="0">(DE-625)rvk/131108:</subfield>
   <subfield code="0">(DE-576)201538814</subfield>
  </datafield>
  <datafield tag="936" ind1="b" ind2="k">
   <subfield code="a">20.30</subfield>
   <subfield code="j">Kunstgeschichte: Allgemeines</subfield>
   <subfield code="q">DA-3</subfield>
   <subfield code="0">(DE-627)106410326</subfield>
  </datafield>
  <datafield tag="951" ind1=" " ind2=" ">
   <subfield code="a">BO</subfield>
  </datafield>
  <datafield tag="990" ind1=" " ind2=" ">
   <subfield code="a">Krönung</subfield>
  </datafield>
  <datafield tag="990" ind1=" " ind2=" ">
   <subfield code="a">Kunst</subfield>
  </datafield>
  <datafield tag="990" ind1=" " ind2=" ">
   <subfield code="a">Geschichte 300-1200</subfield>
  </datafield>
  <datafield tag="990" ind1=" " ind2=" ">
   <subfield code="a">Krone</subfield>
  </datafield>
  <datafield tag="990" ind1=" " ind2=" ">
   <subfield code="a">Symbol</subfield>
  </datafield>
  <datafield tag="990" ind1=" " ind2=" ">
   <subfield code="a">Christentum</subfield>
  </datafield>
  <datafield tag="990" ind1=" " ind2=" ">
   <subfield code="a">Geschichte 300-1200</subfield>
  </datafield>
  <datafield tag="990" ind1=" " ind2=" ">
   <subfield code="a">Krone</subfield>
  </datafield>
  <datafield tag="990" ind1=" " ind2=" ">
   <subfield code="a">Symbol</subfield>
  </datafield>
  <datafield tag="990" ind1=" " ind2=" ">
   <subfield code="a">Christentum</subfield>
  </datafield>
  <datafield tag="990" ind1=" " ind2=" ">
   <subfield code="a">Christliche Kunst</subfield>
  </datafield>
  <datafield tag="990" ind1=" " ind2=" ">
   <subfield code="a">Geschichte 300-1200</subfield>
  </datafield>
  <datafield tag="991" ind1=" " ind2=" ">
   <subfield code="a">Rezensiertes Werk</subfield>
  </datafield>
  <datafield tag="999" ind1=" " ind2=" ">
   <subfield code="a">KXP-PPN280116314</subfield>
   <subfield code="e">4026439674</subfield>
  </datafield>
 </record>
</collection>
